000 00668nam a2200181Ia 4500
008 151202s9999||||xx |||||||||||||| ||und||
082 _bPNVM-38178
100 _aजदुनाथ सरकार.
245 _aऔरंगजेबाचा इतिहास.
260 _b"महाराष्ट्र राज्य सा. स. मंडळ ,मुंबई."
260 _c1978
300 _a1020
600 _aजदुनाथ सरकार.
630 _aऔरंगजेबाचा इतिहास.
700 _aजदुनाथ सरकार.
730 _aऔरंगजेबाचा इतिहास.
942 _cBOOK
999 _c1304130
_d1304127